Vista normal Vista MARC

Entrada Meeting Name

Número de registros utilizados en: 1

001 - CONTROL NUMBER

  • control field: 11027

003 - CONTROL NUMBER IDENTIFIER

  • control field: OSt

005 - DATE AND TIME OF LATEST TRANSACTION

  • control field: 20200930135257.0

008 - FIXED-LENGTH DATA ELEMENTS

  • fixed length control field: 200930|| aca||aabn | a|a d

040 ## - CATALOGING SOURCE

  • Original cataloging agency: OSt
  • Transcribing agency: OSt

111 ## - HEADING--MEETING NAME

  • Meeting name or jurisdiction name as entry element: Seminario las relaciones cívico-militares en tiempos de conflicto armado
  • Date of meeting or treaty signing: (2002 sep. 20-22 :
  • Location of meeting: Cartagena)

670 ## - SOURCE DATA FOUND

  • Source citation: Work cat.: (OSt)0: Seminario las relaciones cívico-militares en tiempos de conflicto armado (2002 sep. 20-22 : Cartagena), Las relaciones cívico-militares : , c2003.